Kitabu cha Agano Jipya la Bwana na Mwokozi Wetu Yesu Kristo. (Record no. 3504)
[ view plain ]
| 005 - DATE AND TIME OF LATEST TRANSACTION | |
|---|---|
| control field | 20250609121500.0 |
| 020 ## - INTERNATIONAL STANDARD BOOK NUMBER | |
| International Standard Book Number | 0 564 08819 6 |
| 082 ## - DEWEY DECIMAL CLASSIFICATION NUMBER | |
| Classification number | 220 TGI |
| 100 ## - MAIN ENTRY--PERSONAL NAME | |
| Author name | The GIDEONS INTERNATIONAL. |
| 245 ## - TITLE STATEMENT | |
| Title | Kitabu cha Agano Jipya la Bwana na Mwokozi Wetu Yesu Kristo. |
| 260 ## - PUBLICATION, DISTRIBUTION, ETC. | |
| Place of publication, distribution, etc. | Britain, |
| Name of publisher, distributor, etc. | The British & Foreign Bible Society. |
| 300 ## - PHYSICAL DESCRIPTION | |
| Extent | 479p.: ill.; |
| Dimensions | 17cm. |
| 942 ## - ADDED ENTRY ELEMENTS (KOHA) | |
| Source of classification or shelving scheme | Dewey Decimal Classification |
| Koha item type | Books |
| Date last seen | Total checkouts | Full call number | Barcode | Cost, replacement price | Price effective from | Koha item type | Lost status | Source of classification or shelving scheme | Damaged status | Not for loan | Withdrawn status | Home library | Current library | Shelving location | Date acquired | Cost, normal purchase price |
|---|---|---|---|---|---|---|---|---|---|---|---|---|---|---|---|---|
| 06/09/2025 | 220 TGI | 00000011708 | 30000.00 | 06/09/2025 | Books | Dewey Decimal Classification | College of Business Education Main Library | College of Business Education Main Library | Reference Collection | 06/09/2025 | 10000.00 |
